Type So Fast - The Front Letter in the Alphabet - Statistics

General Stats
  • This quiz has been taken 35 times
  • The average score is 13 of 25
Answer Stats
Hint Answer % Correct
B A
64%
J I
61%
N M
61%
R Q
61%
Z Y
61%
L K
54%
Q P
54%
W V
54%
X W
54%
C B
50%
E D
50%
F E
50%
G F
50%
H G
50%
K J
50%
M L
50%
S R
50%
D C
46%
I H
46%
O N
46%
P O
46%
T S
46%
V U
46%
Y X
46%
U T
43%
No matching quizzes found
Score Distribution
Percent of People with Each Score
Percentile by Number Answered
Your Score History
You have not taken this quiz